[Event "Turkey Cup 2020"]
[Site "Antalya-Belek"]
[Date "2020.01.31"]
[Round "9.48"]
[White "Aysoy, Veysi"]
[Black "Citil, Feyzullah"]
[Result "0-1"]
[WhiteElo "1869"]
[BlackElo "1636"]
[Annotator "NA RC"]
[PlyCount "98"]
[EventDate "2020.01.26"]
[EventType "swiss"]
[EventCountry "TUR"]
[SourceTitle "playchess.com"]
[Source "ChessBase"]
[SourceQuality "1"]

1. e4 c5 2. Nc3 a6 3. g3 Nc6 4. Bg2 g6 5. Nge2 Bg7 6. O-O d6 7. d3 e6 8. Be3 Nd4 9. Qd2 h6 10. Nd1 Ne7 11. c3 Nxe2+ 12. Qxe2 Nc6 13. f4 O-O 14. g4 b6 15. f5 d5 16. Nf2 d4 17. Bd2 e5 18. Nh1 a5 19. Qf3 Re8 20. Ng3 Ba6 21. c4 b5 22. b3 a4 23. Rac1 axb3 24. axb3 b4 25. Kf2 Bb7 26. Ke2 Qc7 27. f6 Bf8 28. Nf5 gxf5 29. Qh3 f4 30. g5 Bc8 31. Qh5 Qd7 32. h3 Ra2 33. Rg1 Na5 34. Rb1 Qa7 35. Bf3 Nxb3 36. Rxb3 Rxd2+ 37. Kxd2 Qa2+ 38. Ke1 Qxb3 39. gxh6+ Kh8 40. Qxf7 Qc3+ 41. Ke2 Qc2+ 42. Ke1 Qc1+ 43. Kf2 Qd2+ 44. Kf1 Bxh3+ 45. Rg2 Bxg2+ 46. Bxg2 Ra8 47. Kg1 Qe1+ 48. Bf1 Qg3+ 49. Kh1 Qf2 0-1

[Event "Turkey Cup 2020"]
[Site "Antalya-Belek"]
[Date "2020.01.31"]
[Round "9.49"]
[White "Sarac, Mehmet Ali"]
[Black "Unat, Can Haktan"]
[Result "0-1"]
[WhiteElo "1804"]
[BlackElo "2257"]
[Annotator "TA"]
[PlyCount "72"]
[EventDate "2020.01.26"]
[EventType "swiss"]
[EventCountry "TUR"]
[SourceTitle "playchess.com"]
[Source "ChessBase"]
[SourceQuality "1"]

1. d4 d5 2. Bf4 c5 3. e3 Nf6 4. c3 Qb6 5. Qb3 c4 6. Qc2 g6 7. f3 Bf5 8. Qc1 Nc6 9. Nd2 e5 10. Bg5 Bg7 11. e4 exd4 12. exf5 O-O 13. cxd4 Rfe8+ 14. Kd1 Nxd4 15. fxg6 Qe6 16. gxh7+ Nxh7 17. Bh4 Nf5 18. Bf2 Bd4 19. g4 Bxf2 20. gxf5 Qxf5 21. Be2 d4 22. Ne4 Rxe4 23. fxe4 Qxe4 24. Bf3 Qd3+ 25. Qd2 Qf1+ 26. Kc2 Qxa1 27. Qxf2 d3+ 28. Kc3 Rd8 29. Nh3 Qxa2 30. Qg2+ Kh8 31. Bd5 Qb3+ 32. Kd4 Nf6 33. Nf4 d2 34. Qxd2 Nxd5 35. Ng6+ Kg7 36. Qg5 Nf6+ 0-1

[Event "Turkey Cup 2020"]
[Site "Antalya-Belek"]
[Date "2020.01.31"]
[Round "9.50"]
[White "Altun, Arda"]
[Black "Sat, Eray"]
[Result "1/2-1/2"]
[WhiteElo "2200"]
[BlackElo "1781"]
[Annotator "TA"]
[PlyCount "83"]
[EventDate "2020.01.26"]
[EventType "swiss"]
[EventCountry "TUR"]
[SourceTitle "playchess.com"]
[Source "ChessBase"]
[SourceQuality "1"]

1. e4 c5 2. Nc3 Nc6 3. Bb5 Nd4 4. Bc4 g6 5. Nf3 Bg7 6. Nxd4 cxd4 7. Qf3 Nf6 8. Nb5 d6 9. Nxd4 O-O 10. Ne2 e5 11. d3 Be6 12. Nc3 Rc8 13. Bb3 a6 14. O-O b5 15. Bg5 h6 16. Bxf6 Qxf6 17. Qxf6 Bxf6 18. g3 b4 19. Nd5 Bxd5 20. exd5 e4 21. dxe4 Bxb2 22. Rae1 Bc3 23. Re2 Rfe8 24. f4 f6 25. h4 Re7 26. Kg2 Kg7 27. Kf3 f5 28. exf5 Rxe2 29. Kxe2 Re8+ 30. Kf3 gxf5 31. Bc4 a5 32. Bd3 Kf6 33. g4 fxg4+ 34. Kxg4 Be1 35. Kh5 Re3 36. Rg1 Bg3 37. Kg4 Be1 38. Rg2 a4 39. Bb5 a3 40. Bd7 Re7 41. Be6 Rg7+ 42. Kf3 1/2-1/2

[Event "Turkey Cup 2020"]
[Site "Antalya-Belek"]
[Date "2020.01.31"]
[Round "9.51"]
[White "Aydogdu, Cagatay"]
[Black "Baylav, Can"]
[Result "1-0"]
[WhiteElo "1803"]
[BlackElo "2176"]
[Annotator "TA"]
[PlyCount "111"]
[EventDate "2020.01.26"]
[EventType "swiss"]
[EventCountry "TUR"]
[SourceTitle "playchess.com"]
[Source "ChessBase"]
[SourceQuality "1"]

1. c4 e5 2. Nc3 Nf6 3. g3 d5 4. cxd5 Nxd5 5. Bg2 Nb6 6. Nf3 Nc6 7. d3 Be7 8. Be3 O-O 9. O-O Re8 10. d4 Nc4 11. d5 Nxe3 12. fxe3 Na5 13. Qa4 c5 14. Nxe5 Bf6 15. Nc4 Nxc4 16. Qxc4 Bg5 17. e4 Be3+ 18. Kh1 Qg5 19. Nb5 Qh6 20. Qc3 Bg4 21. Bf3 Bh3 22. Rfd1 Rad8 23. Rd3 Bf2 24. Qd2 g5 25. Bg2 Bxg2+ 26. Kxg2 Rxe4 27. h4 c4 28. Rf3 Be3 29. Rxe3 gxh4 30. Rd3 Qh5 31. Nc3 cxd3 32. Nxe4 Qxd5 33. Qxd3 Qxd3 34. exd3 hxg3 35. Rd1 Rc8 36. Rd2 Rd8 37. d4 f5 38. Nxg3 Rd5 39. Kf3 Kf7 40. Kf4 Kf6 41. Nf1 h5 42. Ne3 Ra5 43. b3 Rb5 44. Rg2 Ra5 45. Rg5 Rxa2 46. Rxf5+ Kg6 47. Rg5+ Kf6 48. Rxh5 Rb2 49. Rh6+ Kg7 50. Rh3 a5 51. Nc4 Ra2 52. d5 a4 53. d6 axb3 54. Rxb3 Ra4 55. d7 Rxc4+ 56. Ke3 1-0

[Event "Turkey Cup 2020"]
[Site "Antalya-Belek"]
[Date "2020.01.31"]
[Round "9.52"]
[White "Korkmaz, Necmettin"]
[Black "Demirci, Fatih"]
[Result "1/2-1/2"]
[WhiteElo "2157"]
[BlackElo "1749"]
[Annotator "TA"]
[PlyCount "118"]
[EventDate "2020.01.26"]
[EventType "swiss"]
[EventCountry "TUR"]
[SourceTitle "playchess.com"]
[Source "ChessBase"]
[SourceQuality "1"]

1. e4 c6 2. d4 d5 3. e5 Bf5 4. h4 h5 5. Ne2 e6 6. Ng3 Bg6 7. Be2 Be7 8. Bxh5 Bxh5 9. Nxh5 g6 10. Nf4 Rxh4 11. Rxh4 Bxh4 12. Qf3 Nd7 13. Nc3 Bg5 14. Be3 Qe7 15. Qg3 Bh4 16. Qh3 O-O-O 17. O-O-O Nb6 18. b3 Bg5 19. Qg3 Qa3+ 20. Kb1 Be7 21. Nd3 Nd7 22. Na4 Bf8 23. Bc1 Qe7 24. Bg5 f6 25. exf6 Ngxf6 26. Ne5 Qg7 27. Qh4 Be7 28. Nxd7 Rxd7 29. Nc5 Bxc5 30. Bxf6 Be7 31. Bxe7 Rxe7 32. Re1 e5 33. f3 Kd7 34. Qg4+ Kd8 35. Qg5 exd4 36. Re6 Kd7 37. Rxg6 Qe5 38. Qxe5 Rxe5 39. Rg7+ Kd6 40. Kc1 Re2 41. Kd1 Rf2 42. a4 a5 43. Rxb7 Rxg2 44. Ra7 Rf2 45. Rxa5 Rxf3 46. b4 Ra3 47. Ra6 Kc7 48. a5 Ra4 49. Rb6 c5 50. Rb5 Rxb4 51. Rxc5+ Kd6 52. Rc8 Ra4 53. Ra8 Kc6 54. a6 Kb6 55. Rd8 Kxa6 56. Rxd5 Kb6 57. Kd2 Kc6 58. Rd8 Kc5 59. Kd3 Ra3+ 1/2-1/2

[Event "Turkey Cup 2020"]
[Site "Antalya-Belek"]
[Date "2020.01.31"]
[Round "9.53"]
[White "Tepe, Efe Can"]
[Black "Ozsarilar, Osman Nuri"]
[Result "1-0"]
[WhiteElo "2137"]
[BlackElo "1724"]
[Annotator "TA"]
[PlyCount "127"]
[EventDate "2020.01.26"]
[EventType "swiss"]
[EventCountry "TUR"]
[SourceTitle "playchess.com"]
[Source "ChessBase"]
[SourceQuality "1"]

1. e4 c5 2. Nf3 d6 3. d4 cxd4 4. Nxd4 g6 5. c4 Bg7 6. Nc3 Nc6 7. Be3 Nf6 8. Be2 O-O 9. O-O Bd7 10. Nc2 Ne5 11. f3 Rc8 12. Na3 a6 13. Qb3 Bc6 14. Rac1 Ned7 15. Rfd1 Qa5 16. Nc2 Nc5 17. Qb4 Qxb4 18. Nxb4 Nfd7 19. Nbd5 Rfe8 20. Rc2 e5 21. Nb4 Bf8 22. Rcd2 f5 23. Nxc6 bxc6 24. b4 Ne6 25. c5 fxe4 26. fxe4 Rb8 27. a3 Nd4 28. Bc4+ Kh8 29. cxd6 Bxd6 30. Bxd4 exd4 31. Rxd4 Be5 32. Rxd7 Bxc3 33. R1d3 Bb2 34. Rh3 Bg7 35. Rf3 Rxe4 36. Rff7 Rf8 37. Rxf8+ Bxf8 38. Bxa6 Re1+ 39. Kf2 Ra1 40. Rd3 Bxb4 41. axb4 Rxa6 42. Ke3 Ra4 43. Rb3 Ra2 44. Kf3 Rc2 45. h3 Kg7 46. g4 Kf6 47. Ke4 Rc4+ 48. Kd3 Rf4 49. Ke3 Rc4 50. Kd3 Rf4 51. Ke3 Kg5 52. b5 c5 53. b6 Rf8 54. b7 Rb8 55. Kd3 Kh4 56. Kc4 g5 57. Kxc5 Rxb7 58. Rxb7 Kxh3 59. Rxh7+ Kxg4 60. Kd4 Kf3 61. Rf7+ Kg3 62. Ke3 g4 63. Rg7 Kh3 64. Kd4 1-0

[Event "Turkey Cup 2020"]
[Site "Antalya-Belek"]
[Date "2020.01.31"]
[Round "9.54"]
[White "Gur, Tuba"]
[Black "Gulbeyaz, Emir"]
[Result "0-1"]
[WhiteElo "1782"]
[BlackElo "2121"]
[Annotator "TA"]
[PlyCount "84"]
[EventDate "2020.01.26"]
[EventType "swiss"]
[EventCountry "TUR"]
[SourceTitle "playchess.com"]
[Source "ChessBase"]
[SourceQuality "1"]

1. d4 g6 2. Nf3 Bg7 3. c4 d6 4. Nc3 Nc6 5. e3 Nf6 6. Be2 O-O 7. O-O Nd7 8. d5 Ncb8 9. Nd4 c5 10. dxc6 bxc6 11. f4 e5 12. Nf3 Qe7 13. Qd2 Nc5 14. Rd1 e4 15. Nd4 a5 16. Nb3 Nb7 17. Nd4 Bd7 18. b3 Na6 19. Bb2 Rad8 20. Na4 Nac5 21. Nc3 f5 22. Rab1 Na6 23. Ba3 Nb4 24. Nc2 Na6 25. Na4 Be8 26. b4 axb4 27. Nxb4 Nac5 28. Nc3 Qc7 29. Nc2 Bf7 30. Nd4 Ra8 31. Bb2 Na5 32. Nb3 Naxb3 33. axb3 Nxb3 34. Qxd6 Qxd6 35. Rxd6 Rfb8 36. Nd1 Nc5 37. Rd2 h5 38. Bxg7 Rxb1 39. Be5 Nb3 40. Rd6 Nc1 41. Bxh5 gxh5 42. Rh6 Kf8 0-1

[Event "Turkey Cup 2020"]
[Site "Antalya-Belek"]
[Date "2020.01.31"]
[Round "9.55"]
[White "Yaylali, Adnan Dogan"]
[Black "Koksal, Recep"]
[Result "0-1"]
[WhiteElo "1947"]
[BlackElo "1709"]
[Annotator "NA RC"]
[PlyCount "76"]
[EventDate "2020.01.26"]
[EventType "swiss"]
[EventCountry "TUR"]
[SourceTitle "playchess.com"]
[Source "ChessBase"]
[SourceQuality "1"]

1. e4 d6 2. d4 Nf6 3. Nc3 g6 4. Be3 Bg7 5. f3 Nbd7 6. Qd2 e5 7. d5 h5 8. Nh3 Nb6 9. Ng5 Bd7 10. a4 Nc8 11. a5 a6 12. Be2 Ng8 13. O-O Nh6 14. g4 Ne7 15. h3 Qc8 16. Bc4 hxg4 17. fxg4 Bxg4 18. hxg4 Nxg4 19. Rf3 Bh6 20. Raf1 Nxe3 21. Qxe3 f6 22. Rg3 Bxg5 23. Rxg5 fxg5 24. Be2 Qh3 25. Qxh3 Rxh3 26. Kf2 Rh4 27. Rg1 O-O-O 28. Rxg5 Rf8+ 29. Ke3 Rh3+ 30. Kd2 Rh2 31. Rg1 Kd8 32. Nd1 Rf4 33. Ke3 Rh3+ 34. Kd2 Rxe4 35. Nf2 Rd4+ 36. Bd3 Rh2 37. Ke1 Ra4 38. Ke2 e4 0-1

[Event "Turkey Cup 2020"]
[Site "Antalya-Belek"]
[Date "2020.01.31"]
[Round "9.56"]
[White "Baylav, Bartu"]
[Black "Kirali, Mehmet"]
[Result "1-0"]
[WhiteElo "1777"]
[BlackElo "1890"]
[Annotator "NA RC"]
[PlyCount "65"]
[EventDate "2020.01.26"]
[EventType "swiss"]
[EventCountry "TUR"]
[SourceTitle "playchess.com"]
[Source "ChessBase"]
[SourceQuality "1"]

1. d4 Nf6 2. c4 g6 3. Nc3 Bg7 4. e4 d6 5. f3 O-O 6. Bg5 Nbd7 7. Nge2 c6 8. Qd2 a6 9. Ng3 e5 10. d5 Qc7 11. O-O-O c5 12. Bh6 b5 13. h4 Nb6 14. h5 bxc4 15. Qg5 Bxh6 16. Qxh6 Qe7 17. Be2 Rb8 18. Nf1 Rd8 19. g4 Qf8 20. Qe3 Rb7 21. Rd2 Bd7 22. Bd1 Rdb8 23. Ng3 Nc8 24. g5 Ne8 25. Rdh2 Bb5 26. a4 Na7 27. f4 exf4 28. Qxf4 Qe7 29. axb5 axb5 30. hxg6 fxg6 31. Bg4 b4 32. Be6+ Kh8 33. Rxh7+ 1-0

[Event "Turkey Cup 2020"]
[Site "Antalya-Belek"]
[Date "2020.01.31"]
[Round "9.57"]
[White "Hatipli, Mehmet"]
[Black "Anacak, Hasan Gunes"]
[Result "1/2-1/2"]
[WhiteElo "1873"]
[BlackElo "1677"]
[Annotator "NA RC"]
[PlyCount "76"]
[EventDate "2020.01.26"]
[EventType "swiss"]
[EventCountry "TUR"]
[SourceTitle "playchess.com"]
[Source "ChessBase"]
[SourceQuality "1"]

1. e4 e5 2. Nf3 Nc6 3. c3 Nf6 4. d4 exd4 5. e5 Nd5 6. cxd4 Bb4+ 7. Bd2 Bxd2+ 8. Nbxd2 d6 9. Bb5 O-O 10. O-O Nb6 11. Rc1 Nb4 12. a3 N4d5 13. Re1 c6 14. Bd3 Nf4 15. Bb1 d5 16. Nb3 f5 17. Nc5 Ne6 18. h4 h6 19. g4 fxg4 20. Qd3 Rxf3 21. Qh7+ Kf8 22. Bg6 Ke7 23. Nxe6 Kxe6 24. Bh5 Rf5 25. Qg6+ Ke7 26. Qxg7+ Ke6 27. Qxh6+ Ke7 28. Qg7+ Ke6 29. Bxg4 Qxh4 30. Rc3 Qxf2+ 31. Kh1 Qxe1+ 32. Kh2 Qf2+ 33. Kh3 Qf1+ 34. Kh4 Qh1+ 35. Rh3 Qe1+ 36. Rg3 Qh1+ 37. Bh3 Qe4+ 38. Rg4 Qe1+ 1/2-1/2

[Event "Turkey Cup 2020"]
[Site "Antalya-Belek"]
[Date "2020.01.31"]
[Round "9.58"]
[White "Yenil, Mucahit"]
[Black "Suzan, Ufuk"]
[Result "0-1"]
[WhiteElo "1757"]
[BlackElo "1861"]
[Annotator "NA RC"]
[PlyCount "78"]
[EventDate "2020.01.26"]
[EventType "swiss"]
[EventCountry "TUR"]
[SourceTitle "playchess.com"]
[Source "ChessBase"]
[SourceQuality "1"]

1. d4 Nf6 2. Nf3 g6 3. g3 Bg7 4. Bg2 d6 5. O-O O-O 6. c4 Nc6 7. d5 Nb8 8. Nc3 Nbd7 9. Re1 e5 10. e4 a5 11. h3 Nc5 12. Qc2 Nh5 13. Be3 b6 14. a3 f5 15. b4 fxe4 16. Nxe4 Nxe4 17. Qxe4 axb4 18. axb4 Rxa1 19. Rxa1 Bf5 20. Qh4 Qxh4 21. Nxh4 Bd3 22. c5 e4 23. Ra7 dxc5 24. bxc5 bxc5 25. Rxc7 c4 26. Bf1 c3 27. d6 Be5 28. Rc5 Bxd6 29. Rxc3 Bxf1 30. Kxf1 Nxg3+ 31. Kg2 Nf5 32. Nxf5 gxf5 33. f4 Kf7 34. Rb3 Rb8 35. Rc3 Ke6 36. Kg3 Ra8 37. Kh4 Rg8 38. Rb3 Be7+ 39. Kh5 Rg3 0-1

[Event "Turkey Cup 2020"]
[Site "Antalya-Belek"]
[Date "2020.01.31"]
[Round "9.59"]
[White "Yucesoy, Atil"]
[Black "Yarar, Bora"]
[Result "0-1"]
[WhiteElo "1680"]
[BlackElo "1871"]
[Annotator "NA RC"]
[PlyCount "50"]
[EventDate "2020.01.26"]
[EventType "swiss"]
[EventCountry "TUR"]
[SourceTitle "playchess.com"]
[Source "ChessBase"]
[SourceQuality "1"]

1. d4 d5 2. c4 e6 3. Nc3 Nf6 4. Nf3 Be7 5. Qc2 O-O 6. e4 dxe4 7. Nxe4 Nc6 8. Be3 Nxe4 9. Qxe4 Bb4+ 10. Kd1 Be7 11. g4 f5 12. gxf5 exf5 13. Qf4 Bd6 14. Qg5 f4 15. Qd5+ Kh8 16. Bd2 Bf5 17. Rg1 Qf6 18. Bc3 Rad8 19. Qb5 a6 20. Qxb7 Nxd4 21. Qxa6 Be7 22. Qa5 Nb3+ 23. Qd5 Rxd5+ 24. cxd5 Nxa1 25. Bxf6 Bxf6 0-1

[Event "Turkey Cup 2020"]
[Site "Antalya-Belek"]
[Date "2020.01.31"]
[Round "9.60"]
[White "Ince, Taylan Ruzgar"]
[Black "Arpa, Emre"]
[Result "1-0"]
[WhiteElo "1704"]
[BlackElo "1815"]
[Annotator "NA RC"]
[PlyCount "146"]
[EventDate "2020.01.26"]
[EventType "swiss"]
[EventCountry "TUR"]
[SourceTitle "playchess.com"]
[Source "ChessBase"]
[SourceQuality "1"]

1. d4 d5 2. c4 c6 3. Nc3 Nf6 4. Nf3 Bf5 5. e3 e6 6. Bd3 Bxd3 7. Qxd3 Nbd7 8. O-O Bd6 9. e4 dxe4 10. Nxe4 Nxe4 11. Qxe4 Nf6 12. Qe2 h6 13. Bd2 g5 14. Bc3 g4 15. Ne5 Bxe5 16. Qxe5 Rg8 17. d5 Nd7 18. Qe2 cxd5 19. cxd5 Rg6 20. dxe6 Rxe6 21. Qxg4 Qg5 22. Qxg5 hxg5 23. Rfe1 Ke7 24. g3 f5 25. Kg2 Rc8 26. Rad1 Rxe1 27. Rxe1+ Kf7 28. Rd1 Ke6 29. Bb4 Nf6 30. Rd6+ Ke5 31. f4+ gxf4 32. gxf4+ Kxf4 33. Rxf6 Rc2+ 34. Kf1 Rxb2 35. Bd6+ Kg5 36. Rf7 Rxa2 37. Rxb7 a5 38. Rg7+ Kf6 39. Rg8 a4 40. h4 Kf7 41. Ra8 Kg6 42. Ra5 Kh5 43. Rxf5+ Kxh4 44. Ra5 Kg4 45. Ke1 Kf3 46. Kd1 Ke4 47. Kc1 Kd3 48. Kb1 Re2 49. Rxa4 Kc3 50. Ra3+ Kc4 51. Bf4 Rf2 52. Bc1 Rf1 53. Kc2 Kb4 54. Rh3 Kc4 55. Rh4+ Kd5 56. Be3 Ke5 57. Kd3 Rd1+ 58. Bd2 Kf5 59. Rh5+ Kg4 60. Rg5+ Kf3 61. Rf5+ Kg4 62. Rf8 Ra1 63. Be3 Kg3 64. Ke4 Ra4+ 65. Bd4 Kg4 66. Rg8+ Kh5 67. Kf5 Kh4 68. Be5 Kh3 69. Rg3+ Kh4 70. Rb3 Ra5 71. Rb2 Ra3 72. Rh2+ Rh3 73. Bf6+ Kg3 1-0

[Event "Turkey Cup 2020"]
[Site "Antalya-Belek"]
[Date "2020.01.31"]
[Round "9.61"]
[White "Polat, Ahmet Eren"]
[Black "Aydogdu, Selcan Ayberk"]
[Result "0-1"]
[WhiteElo "1641"]
[BlackElo "1940"]
[Annotator "NA RC"]
[PlyCount "102"]
[EventDate "2020.01.26"]
[EventType "swiss"]
[EventCountry "TUR"]
[SourceTitle "playchess.com"]
[Source "ChessBase"]
[SourceQuality "1"]

1. e4 e6 2. d4 d5 3. Bd3 Nf6 4. Nd2 c5 5. Ngf3 c4 6. Be2 dxe4 7. Ne5 Qxd4 8. Ndxc4 Qxd1+ 9. Bxd1 Nbd7 10. Be3 Nxe5 11. Nxe5 Nd5 12. Be2 a6 13. Bd4 f6 14. Nc4 e5 15. Bb6 Be6 16. g3 Rc8 17. O-O-O Rc6 18. Ba5 Bc5 19. Be1 Kf7 20. Na5 Rc7 21. Bc4 Nb6 22. Bxe6+ Kxe6 23. Nb3 Be7 24. Ba5 Rc6 25. Bxb6 Rxb6 26. g4 g6 27. Rhe1 f5 28. gxf5+ gxf5 29. Rg1 Rf8 30. Rg7 Rf7 31. Rg8 Rb5 32. Rdg1 Bc5 33. c4 Rxb3 34. axb3 Bxf2 35. Re8+ Kf6 36. Rd1 e3 37. Rd6+ Kg7 38. Rxe5 f4 39. Rde6 f3 40. Re7 Rxe7 41. Rxe7+ Kf6 42. Re8 e2 43. Kd2 a5 44. Re4 Kf5 45. Re8 Kg4 46. Re7 h5 47. c5 Kh3 48. c6 bxc6 49. Re4 e1=Q+ 50. Rxe1 Bxe1+ 51. Kxe1 Kg2 0-1

[Event "Turkey Cup 2020"]
[Site "Antalya-Belek"]
[Date "2020.01.31"]
[Round "9.62"]
[White "Saglam, Emrah Sitki"]
[Black "Kaptan, Emre Akin"]
[Result "1/2-1/2"]
[WhiteElo "1614"]
[BlackElo "1869"]
[Annotator "NA RC"]
[PlyCount "189"]
[EventDate "2020.01.26"]
[EventType "swiss"]
[EventCountry "TUR"]
[SourceTitle "playchess.com"]
[Source "ChessBase"]
[SourceQuality "1"]

1. e4 c5 2. Nf3 e6 3. d4 cxd4 4. Nxd4 Qb6 5. Be3 Bc5 6. Na3 d5 7. exd5 exd5 8. Bb5+ Bd7 9. O-O Ne7 10. c3 Bxa3 11. Bxd7+ Nxd7 12. bxa3 Qa6 13. Qb3 O-O 14. Rab1 b6 15. Rfd1 Nc5 16. Qb4 Qc4 17. Nb3 Qxb4 18. axb4 Ne4 19. Rbc1 Rac8 20. Bd4 Nf5 21. f3 Nxd4 22. cxd4 Nd6 23. Rxc8 Rxc8 24. Rc1 Rxc1+ 25. Nxc1 g5 26. Ne2 Nb5 27. a4 Nc7 28. Nc3 Kf8 29. Kf2 Ke7 30. Ke3 Ke6 31. Kd3 Kf5 32. Ke3 h5 33. g3 Ke6 34. g4 h4 35. f4 f6 36. fxg5 fxg5 37. h3 a6 38. a5 b5 39. Kf3 Kd6 40. Ke3 Ne6 41. Ne2 Ke7 42. Kf3 Nd8 43. Nc3 Kd6 44. Ke3 Nc6 45. Na2 Kd7 46. Kd3 Kd6 47. Kc3 Nd8 48. Nc1 Ne6 49. Nd3 Kc7 50. Nc5 Nf4 51. Nxa6+ Kb7 52. Nc5+ Ka7 53. Kd2 Nxh3 54. Ke3 Nf4 55. Kf3 h3 56. Kg3 Ne2+ 57. Kxh3 Nxd4 58. Kg2 Nc6 59. Nd3 Kb8 60. Kf2 Kc7 61. Ke3 Kd6 62. a6 Na7 63. Nc5 Nc6 64. Nd3 Na7 65. Nc5 Nc6 66. Nd3 Kc7 67. Kd2 Kb6 68. Nc5 Nxb4 69. Ne6 Nxa6 70. Nxg5 Nc5 71. Nf3 Ne4+ 72. Kc2 Kc5 73. g5 Kd6 74. g6 Ke7 75. Nd4 Nd6 76. Kb3 Kf6 77. Ne2 Ne8 78. Kb4 Nc7 79. Nf4 d4 80. Kb3 Na6 81. g7 Kf7 82. Kc2 Nc5 83. Nd3 Ne6 84. Kb3 Kxg7 85. Kb4 Kf6 86. Kxb5 Kf5 87. Kc4 Ke4 88. Nf2+ Ke3 89. Ng4+ Kf3 90. Ne5+ Ke4 91. Ng4 Kf4 92. Nf2 Kf3 93. Nd3 Ke3 94. Ne5 Ke2 95. Kd5 1/2-1/2

[Event "Turkey Cup 2020"]
[Site "Antalya-Belek"]
[Date "2020.01.31"]
[Round "9.63"]
[White "Kocakaplan, Emre"]
[Black "Acar, Kaan"]
[Result "1/2-1/2"]
[WhiteElo "1857"]
[BlackElo "1636"]
[Annotator "NA RC"]
[PlyCount "93"]
[EventDate "2020.01.26"]
[EventType "swiss"]
[EventCountry "TUR"]
[SourceTitle "playchess.com"]
[Source "ChessBase"]
[SourceQuality "1"]

1. d4 Nf6 2. Nf3 g6 3. c4 Bg7 4. g3 d6 5. Bg2 O-O 6. O-O Nbd7 7. Nc3 e5 8. e4 a5 9. h3 exd4 10. Nxd4 Re8 11. Re1 Nc5 12. Rb1 Nfd7 13. Be3 Ne5 14. b3 a4 15. Qc2 axb3 16. axb3 Ned3 17. Red1 Nb4 18. Qd2 Be6 19. Nxe6 Nxe6 20. Nd5 Nxd5 21. Qxd5 b6 22. b4 Ra3 23. c5 bxc5 24. bxc5 dxc5 25. Qxd8 Rxd8 26. Rxd8+ Nxd8 27. Rb8 Rd3 28. Bxc5 Bf8 29. Be3 Kg7 30. Rc8 Ne6 31. Bf1 Rc3 32. Bb5 Bc5 33. Bxc5 Rxc5 34. Bd7 Ng5 35. Re8 Nf3+ 36. Kg2 Ne5 37. Ba4 Ra5 38. Bb3 Kf6 39. Rc8 Rc5 40. f4 Nc4 41. Bxc4 Rxc4 42. e5+ Kg7 43. Rd8 Rc2+ 44. Kf3 h5 45. Rd7 Kf8 46. Rd3 Ke7 47. Ra3 1/2-1/2

[Event "Turkey Cup 2020"]
[Site "Antalya-Belek"]
[Date "2020.01.31"]
[Round "9.64"]
[White "Hasanoglu, Hakan"]
[Black "Celik, Eylul"]
[Result "1-0"]
[WhiteElo "1554"]
[BlackElo "1865"]
[Annotator "NA RC"]
[PlyCount "97"]
[EventDate "2020.01.26"]
[EventType "swiss"]
[EventCountry "TUR"]
[SourceTitle "playchess.com"]
[Source "ChessBase"]
[SourceQuality "1"]

1. d4 d5 2. c4 c6 3. cxd5 cxd5 4. Nf3 Nc6 5. Nc3 Nf6 6. Bf4 e6 7. e3 Be7 8. Ne5 O-O 9. Bd3 Ne8 10. O-O Bd7 11. Rc1 f5 12. Nxc6 Bxc6 13. Be5 Nf6 14. f4 Ng4 15. Qd2 Nxe5 16. fxe5 Bg5 17. Ne2 Qb6 18. Rc5 Rac8 19. Nf4 Bd7 20. Rfc1 Rxc5 21. dxc5 Qc7 22. Qc3 Rc8 23. Qd4 Be7 24. b4 g5 25. Nh5 Be8 26. Nf6+ Bxf6 27. exf6 Bg6 28. b5 Rd8 29. c6 b6 30. Qb4 Kf7 31. a4 Kxf6 32. a5 Qe5 33. Qd4 Qxd4 34. exd4 Ke7 35. axb6 axb6 36. Ra1 Kd6 37. Ra6 Rb8 38. Ra7 e5 39. Rd7+ Ke6 40. Rb7 Ra8 41. Rxb6 e4 42. Bf1 Kd6 43. Rb7 e3 44. c7 Re8 45. b6 Rc8 46. Rb8 Rxc7 47. bxc7 Kxc7 48. Rb3 f4 49. Bd3 1-0

[Event "Turkey Cup 2020"]
[Site "Antalya-Belek"]
[Date "2020.01.31"]
[Round "9.65"]
[White "Caberoglu, Arda"]
[Black "Hatipoglu, Metin"]
[Result "1-0"]
[WhiteElo "1893"]
[BlackElo "1570"]
[Annotator "NA RC"]
[PlyCount "85"]
[EventDate "2020.01.26"]
[EventType "swiss"]
[EventCountry "TUR"]
[SourceTitle "playchess.com"]
[Source "ChessBase"]
[SourceQuality "1"]

1. Nf3 Nf6 2. g3 c5 3. Bg2 Nc6 4. O-O d5 5. b3 e5 6. Bb2 Bd6 7. e3 O-O 8. d4 cxd4 9. exd4 Bg4 10. dxe5 Nxe5 11. Re1 Re8 12. Nbd2 Ne4 13. Qc1 Nxf3+ 14. Nxf3 Bc5 15. Nd4 Qb6 16. c3 Qf6 17. Qf4 Qxf4 18. gxf4 Bd7 19. c4 Bc6 20. Bxe4 dxe4 21. Nxc6 bxc6 22. f5 Rad8 23. Rad1 e3 24. fxe3 Bxe3+ 25. Kf1 Bg5 26. Rxe8+ Rxe8 27. Rd7 h5 28. Rxa7 Re4 29. a4 h4 30. Rd7 Rf4+ 31. Kg2 Rxf5 32. b4 Be3 33. Bd4 Bxd4 34. Rxd4 c5 35. Rd5 Rxd5 36. cxd5 cxb4 37. d6 Kf8 38. a5 b3 39. a6 h3+ 40. Kxh3 b2 41. a7 f5 42. a8=Q+ Kf7 43. Qb7+ 1-0

[Event "Turkey Cup 2020"]
[Site "Antalya-Belek"]
[Date "2020.01.31"]
[Round "9.66"]
[White "Arslan, Tayfun"]
[Black "Ozkale, Can Barkin"]
[Result "1/2-1/2"]
[WhiteElo "1462"]
[BlackElo "1796"]
[Annotator "NA RC"]
[PlyCount "171"]
[EventDate "2020.01.26"]
[EventType "swiss"]
[EventCountry "TUR"]
[SourceTitle "playchess.com"]
[Source "ChessBase"]
[SourceQuality "1"]

1. e4 c5 2. Nf3 e6 3. d4 cxd4 4. Nxd4 a6 5. c4 Nf6 6. Bd3 Qc7 7. O-O Nc6 8. Nf3 Be7 9. Nc3 O-O 10. b3 b6 11. Qe2 Ng4 12. g3 Bb7 13. h3 Nge5 14. Be3 Nxf3+ 15. Qxf3 Ne5 16. Qe2 b5 17. Rac1 bxc4 18. Bxc4 Nxc4 19. Qxc4 Qxc4 20. bxc4 Rac8 21. Rb1 Ba8 22. Rfd1 Rxc4 23. Rxd7 Bf6 24. Ne2 Bxe4 25. Rbd1 Rc2 26. R1d2 Rfc8 27. f4 h6 28. Kf2 Bd5 29. a3 Bb2 30. Ra7 Rxd2 31. Bxd2 Rc2 32. Ke1 Rc6 33. Bb4 Bg2 34. h4 Bf3 35. Kf2 Bh5 36. Ke3 Rc2 37. Nd4 Rg2 38. Be1 Bxa3 39. Rxa6 Bc1+ 40. Kd3 Bg6+ 41. Kc4 Rg1 42. Bf2 Rf1 43. Ra2 Be4 44. Re2 Bd5+ 45. Kc3 Ba3 46. Nc2 Be7 47. Ne3 Bf3 48. Nxf1 Bxe2 49. Ne3 Bf6+ 50. Kd2 Ba6 51. Ng4 Bd8 52. Ne5 Ba5+ 53. Ke3 Bb6+ 54. Kf3 Bb7+ 55. Ke2 Bc7 56. Bd4 f6 57. Nd7 Kf7 58. Nc5 Bc6 59. Nb3 Kg6 60. Bc5 Kh5 61. Kf2 Kg4 62. Nd4 Bd5 63. Nc2 Kh3 64. Ne3 Bb7 65. Bf8 g5 66. hxg5 hxg5 67. Be7 gxf4 68. gxf4 f5 69. Bg5 Bb8 70. Bh6 Kh4 71. Bg5+ Kh5 72. Kg3 Be4 73. Bf6 Kg6 74. Bd4 Kf7 75. Nc4 Ke7 76. Ne5 Kd6 77. Ng6 Kd5 78. Be5 Ba7 79. Kh4 Bb6 80. Kg5 Bd8+ 81. Bf6 Bb6 82. Be5 Bf3 83. Ne7+ Ke4 84. Kf6 Be3 85. Ng6 Bh5 86. Ne7 1/2-1/2

[Event "Turkey Cup 2020"]
[Site "Antalya-Belek"]
[Date "2020.01.31"]
[Round "9.67"]
[White "Ipek, Suat Sukru"]
[Black "Muftuoglu, Musa Emin"]
[Result "0-1"]
[WhiteElo "1561"]
[BlackElo "1834"]
[Annotator "NA RC"]
[PlyCount "72"]
[EventDate "2020.01.26"]
[EventType "swiss"]
[EventCountry "TUR"]
[SourceTitle "playchess.com"]
[Source "ChessBase"]
[SourceQuality "1"]

1. e4 e6 2. Nf3 d5 3. e5 c5 4. d4 cxd4 5. Bd3 Nc6 6. a3 f6 7. Bf4 fxe5 8. Nxe5 Nf6 9. Nd2 Bd6 10. Ndf3 O-O 11. Bg3 Ne4 12. Bxe4 dxe4 13. Nxc6 bxc6 14. Bxd6 Qxd6 15. Qxd4 Qd5 16. Qxd5 exd5 17. Nd4 Bd7 18. b4 c5 19. Nb3 cxb4 20. axb4 Bb5 21. Nd4 Bc4 22. Ra3 Rfb8 23. c3 a5 24. Kd2 axb4 25. Rxa8 bxc3+ 26. Kxc3 Rxa8 27. Nc2 Rf8 28. Ne3 Rxf2 29. Nxc4 dxc4 30. Kxc4 Rxg2 31. Kd4 Re2 32. h4 g6 33. Rf1 Kg7 34. Rf4 Kh6 35. Rg4 Kh5 36. Rf4 Rh2 0-1